El poder del dinero y el poder del sexo. Antropología del turismo sexual /
La globalización y el flujo de personas, ideas y mercancías han provocado la mundialización de la industria del sexo a través de cadenas-redes de prostitución y tráfico de personas cada vez más sofisticados, adaptándose a los significados y prácticas cambiantes del sexo. La dominación de los países...
Gespeichert in:
| 1. Verfasser: | |
|---|---|
| Format: | Text |
| Schlagworte: | |
| Tags: |
Tag hinzufügen
Keine Tags, Fügen Sie den ersten Tag hinzu!
|
MARC
| LEADER | 00000 a a2200000 04500 | ||
|---|---|---|---|
| 001 | 41678 | ||
| 003 | |||
| 040 | |||
| 100 | |a Lagunas, David | ||
| 245 | |a El poder del dinero y el poder del sexo. Antropología del turismo sexual / |c David Lagunas | ||
| 520 | |a La globalización y el flujo de personas, ideas y mercancías han provocado la mundialización de la industria del sexo a través de cadenas-redes de prostitución y tráfico de personas cada vez más sofisticados, adaptándose a los significados y prácticas cambiantes del sexo. La dominación de los países del Norte sobre los países del Sur y del Este se manifiesta en múltiples formas, entre ellas el turismo sexual. Este artículo analiza algunos aspectos del turismo sexual en contextos nacionales e internacionales y plantea la conveniencia y oportunidades de explorar lo individual y subjetivo, así como las temáticas sociopolíticas relacionadas. | ||
| 590 | |a DISEMINAR062011/RRA/JULIO2011 | ||
| 650 | |a SEXO | ||
| 650 | |a TURISMO | ||
| 650 | |a PROSTITUCION | ||
| 650 | |a GLOBALIZACION | ||
| 650 | |a GENERO | ||
| 773 | |g volumen18, número36 (2010), páginas 71-98 | ||
| 999 | |c 24100 |d 24100 | ||
